Statistics for Biggest Cities on the Equator or Prime Meridian

Click here to take the quiz!

General Stats

  • This quiz has been taken 61 times
  • The average score is 8 of 21

Answers on the Map

Answers color-coded by a green-red scale on the quiz's map according to % correct below.
 

Answer Stats

Pop.Answer% Correct
2.6 milQuito
98%
14.6 milLondon
96%
5.1 milAccra
78%
1.8 milValencia
76%
3.2 milKampala
67%
1.0 milBordeaux
64%
57kSao Tome
58%
704kLibreville
51%
726kZaragoza
51%
501kBrighton
47%
103kEntebbe
20%
179kPeterborough
20%
482kMacapa
16%
398kKisumu
13%
555kPontianak
13%
1.3 milPekanbaru
11%
371kTamale
11%
324kMbandaka
9%
1.0 milPadang
9%
116kKismayo
7%
58kNueva Loja
4%

Score Distribution

Percentile by Number Answered

Percent of People with Each Score

Your Score History

You have not taken this quiz